Advanced Algebra / (Record no. 182028)
[ view plain ]
| 000 -LEADER | |
|---|---|
| fixed length control field | 00869 a2200169 4500 |
| 003 - CONTROL NUMBER IDENTIFIER | |
| control field | Nust |
| 005 - DATE AND TIME OF LATEST TRANSACTION | |
| control field | 20221110115955.0 |
| 020 ## - INTERNATIONAL STANDARD BOOK NUMBER | |
| International Standard Book Number | 0673372820 |
| 040 ## - CATALOGING SOURCE | |
| Transcribing agency | Nust |
| 082 ## - DEWEY DECIMAL CLASSIFICATION NUMBER | |
| Classification number | 512,SEN |
| 100 ## - MAIN ENTRY--PERSONAL NAME | |
| Personal name | Foresman,Scott |
| 9 (RLIN) | 102495 |
| 245 ## - TITLE STATEMENT | |
| Title | Advanced Algebra / |
| Statement of responsibility, etc. | Sharon L Senk, Denisse R Thompson |
| 260 ## - PUBLICATION, DISTRIBUTION, ETC. | |
| Place of publication, distribution, etc. | USA |
| Name of publisher, distributor, etc. | Scott, Foresman and Company, Glenview, Illinois |
| 505 ## - FORMATTED CONTENTS NOTE | |
| Formatted contents note | The language of Algebra (Page-2), Variations and Graphs (Page-56), Linear Relations (Page-124), Matrices (Page-180), Systems (Page-244), Parabolas and Quadratic Equations (Page-306), Functions (Page-374), Powers and Roots (Page-424), Exponents and Logarithms (Page-486), Trigonometry (Page-540), Polynomials (Page-604), Quadratic Relations (Page-666), Series, Combinations, and Statistics (Page-740), Dimensions and Space (Page-812). |
| 650 ## - SUBJECT ADDED ENTRY--TOPICAL TERM | |
| Topical term or geographic name entry element | Algebra |
| 9 (RLIN) | 8509 |
| 942 ## - ADDED ENTRY ELEMENTS (KOHA) | |
| Source of classification or shelving scheme | |
| Koha item type | Book |
| Call number prefix | 512,SEN |
| Withdrawn status | Lost status | Source of classification or shelving scheme | Damaged status | Not for loan | Permanent Location | Current Location | Shelving location | Date acquired | Full call number | Barcode | Date last seen | Price effective from | Koha item type | Public note |
|---|---|---|---|---|---|---|---|---|---|---|---|---|---|---|
| Military College of Signals (MCS) | Military College of Signals (MCS) | General Stacks | 12/12/2016 | 512,SEN | MCS7685 | 12/08/2016 | 12/12/2016 | Book | AAlmirah No.10, Shelf No.6 |
